000
00312nam a22001457a 4500
008
221021b ||||| |||| 00| 0 eng d
020
_a
9780306459887
041
_a
eng
080
_a
51
082
_a
51 WEA
100
_a
20.1
101
_a
MATE
245
_a
CONQUERING CALCULUS
_c
WEAVER J
942
_2
udc
_c
BK
999
_c
58638
_d
58638